000 00422nam a2200157 a 4500
001 000028224
005 20200930031444.0
008 110407s19uu dr 000 0 spa d
040 _aDO-SdBNP
_bspa
_cBNPHU
082 _axxx
_bU66a
100 1 _aUpdegraff, Robert R.
_955214
245 1 0 _aAdams obvio /
_cRobert R. Updegraff.
260 _aSanto Domingo :
_bTele-3,
_c[19--?].
300 _a39 p. ;
_c22 cm.
049 _aBNPD
999 _c27716
_d27716